ইসলামী শ্রমনীতি / (Record no. 55097)
[ view plain ]
| 000 -LEADER | |
|---|---|
| fixed length control field | 00770nam a2200217 a 4500 |
| 001 - CONTROL NUMBER | |
| control field | 55097 |
| 003 - CONTROL NUMBER IDENTIFIER | |
| rucl marc code | BD-RjUL |
| 005 - DATE AND TIME OF LATEST TRANSACTION | |
| control field | 20211209080220.0 |
| 008 - FIXED-LENGTH DATA ELEMENTS--GENERAL INFORMATION | |
| fixed length control field | 161114s2006 bg ||||| |||| 00| 0 ben d |
| 035 ## - SYSTEM CONTROL NUMBER | |
| System control number | (BD-RjUL)55219 |
| 040 ## - CATALOGING SOURCE | |
| Original cataloging agency | BD-RjUL |
| Language of cataloging | ben |
| Transcribing agency | BD-RjUL |
| Modifying agency | BD-RjUL |
| 041 ## - LANGUAGE CODE | |
| Language code of text/sound track or separate title | ben |
| 082 ## - DEWEY DECIMAL CLASSIFICATION NUMBER | |
| Edition number | 23 |
| Classification number | 344.01297 |
| Author mark and year | KHI 2006 |
| 100 ## - MAIN ENTRY--PERSONAL NAME | |
| Personal name | খান, হারুনুর রশিদ |
| 9 (RLIN) | 164248 |
| 245 10 - TITLE STATEMENT | |
| Title | ইসলামী শ্রমনীতি / |
| Statement of responsibility, etc. | হারুনুর রশিদ খান, |
| 260 ## - PUBLICATION, DISTRIBUTION, ETC. (IMPRINT) | |
| Place of publication, distribution, etc. | ঢাকা : |
| Name of publisher, distributor, etc. | কল্যান প্রকাশনী, |
| Date of publication, distribution, etc. | ২০০৬. |
| 300 ## - PHYSICAL DESCRIPTION | |
| Pagination | ৯৬ পৃ. ; |
| Size | ২২ সেমি. |
| 650 ## - SUBJECT ADDED ENTRY--TOPICAL TERM | |
| Topical term or geographic name as entry element | শ্রম আইন |
| Form subdivision | ইসলাম |
| 9 (RLIN) | 164249 |
| Topical term or geographic name as entry element | Labour Law |
| Form subdivision | Islam |
| 9 (RLIN) | 164250 |
| 942 ## - ADDED ENTRY ELEMENTS (KOHA) | |
| Source of classification or shelving scheme | Dewey Decimal Classification |
| Koha item type | Books |
| Lost status | Source of classification or shelving scheme | Damaged status | Not for loan | Collection code | Permanent Location | Current Location | Shelving location | Date acquired | Source of acquisition | Cost, normal purchase price | Total Checkouts | Full call number | Date last seen | Copy number | Koha item type |
|---|---|---|---|---|---|---|---|---|---|---|---|---|---|---|---|
| Dewey Decimal Classification | Non-fiction | Central Library, University of Rajshahi | Central Library, University of Rajshahi | 13/06/2009 | Mad. Habibur rohman, Rajshahi, Gift | 40.00 | B 344.01297 KHI 2006 | 14/11/2016 | C-2 | Books |